Vista normal Vista MARC

Entrada Topical Term

Número de registros utilizados en: 2

001 - CONTROL NUMBER

  • control field: 3208

003 - CONTROL NUMBER IDENTIFIER

  • control field: OSt

005 - DATE AND TIME OF LATEST TRANSACTION

  • control field: 20200418001725.0

008 - FIXED-LENGTH DATA ELEMENTS

  • fixed length control field: 200418|| aca||aabn | a|a d

040 ## - CATALOGING SOURCE

  • Original cataloging agency: OSt
  • Transcribing agency: OSt

150 ## - HEADING--TOPICAL TERM

  • Topical term or geographic name entry element: Libertad de prensa

670 ## - SOURCE DATA FOUND

  • Source citation: Work cat.: (OSt)5219: Uprimny Yepes, Rodrigo, autor 3207, Libertad de prensa y derechos fundamentales : , 2006